Александр Сергеевич Пушкин. Биография писателя (Запис № 373092)

МАРК-запис
000 -Лідер
fixed length control field 00727nam a22002297a 4500
001 - Контрольний номер
control field 86904
003 - Ідентифікатор контрольного номера
control field UA-OsUOA
005 - Дата та час останнього входження (трансакції)
control field 20220912115427.0
007 - Фіксоване поле фізичного опису
fixed length control field ta
008 - Елементи даних фіксованої довжини – загальна інформація
fixed length control field 20120912b un ||||| |||| 00| 0 ukr d
040 ## - Джерело каталогізації
Агенція оригінальної каталогізації UA-OsUOA
Мова каталогізації rus
Агенція, яка здійснювала перезапис UA-OsUOA
Агенція, яка здійснювала модифікацію UA-OsUOA
041 ## - Код мови
Код мови тексту/ звукової доріжки чи окремого заголовка (П) rus
080 ## - Індекс Універсальної десяткової класифікації
Індекс Універсальної десяткової класифікації (УДК) (НП) 82.09
090 ## - Локальний шифр розміщення
Класифікаційний індекс УДК 82.09
Авторський знак (НП) Л80
100 ## - Основне введення – ім’я особи
Ім’я особи (НП) Лотман Ю. М.
245 ## - Відомості про назву
Назва (НП) Александр Сергеевич Пушкин. Биография писателя
Решта назви (НП) пособие для учащихся
Дані про відповідальність (НП) Ю. М. Лотман
260 ## - Публікація, розповсюдження і т.п. (Вихідні дані)
Місце публікації, розповсюдження і т.п. (П) Ленинград
Ім’я/ наймення видавництва, розповсюджувача і т.п. (П) Просвещение
Дата публікації, розповсюдження і т.п. (П) 1982
300 ## - Фізичний опис
Обсяг 255 с.
650 #7 - Додаткове предметне введення – тематичний термін
Тематичний термін чи географічна назва, як елемент введення (НП) 82 Література. Літературознавство
Джерело заголовка чи терміна UDC
942 ## - Додаткові елементи входу (Коха)
Тип елемента Koha Книги
Source of classification or shelving scheme Universal Decimal Classification
955 ## - Код типу видання за змістом
Код типу видання за змістом (НП) Навчальні видання
Фонди
Стан вилучень Стан втрат Джерело класифікації або схеми стелажів Стан уражень Не для кредиту Постійне місце розташування Поточне розміщення Дата придбання Інвентарний номер Усього замовленно Повний номер виклику Штрих-код Дата останнього перегляду Ціна ефективна від Тип елемента Koha Вартість, звичайна ціна покупки Вартість, ціна заміни
    Universal Decimal Classification     АБ - Абонемент НБ АБ - Абонемент НБ 12/09/2012 24496   82.09 Л80 24496 14/02/2022 12/09/2012 Книги    
    Universal Decimal Classification     АБ - Абонемент НБ АБ - Абонемент НБ 12/09/2020     82.09 Л80 42381 29/09/2021 12/09/2022 Книги 0.40 0.40